Colfuturo: (Registro nro. 20554)

Detalles MARC
000 -CABECERA
Campo de control 00663nam a22002177a 4500
005 - FECHA Y HORA DE LA ULTIMA TRANSACCION
Campo de control 20191105131737.0
008 - ELEMENTOS DE LONGITUD FIJA—INFORMACION GENERAL
Campo de control 191105b xxu||||| |||| 00| 0 spa d
040 ## - FUENTE DE CATALOGACIÓN
Agencia catalogadora original CO-BoIAVH
Agencia transcriptora CO-BoIAVH
041 ## - IDIOMA
Código de idioma para texto/pista de sonido o título separado Español
044 ## - PAÍS DE PUBLICACIÓN
País de publicación Colombia
082 ## - NUMERO DE CLASIFICACION DECIMAL DEWEY
Número de clasificación 378.33
Número del ítem C68c
110 ## - ASIENTO PRINCIPAL--NOMBRE CORPORATIVO
9 (RLIN) 101892
Nombre corporativo o de jurisdicción como elemento de entrada Colombia
Unidad subordinad Colfuturo
245 ## - MENCION DE TITULO
Título Colfuturo:
Parte restante del título Talento que transforma.
260 ## - PUBLICACION, DISTRIBUCION, ETC. (PIE DE IMPRENTA)
Lugar de publicación, distribución, etc. Bogotá:
Nombre del editor, distribuidor, etc. Colfuturo,
Fecha de publicación, distribución, etc. 2019.
300 ## - DESCRIPCION FISICA
Extensión 95 Páginas:
Otros detalles físicos fotografías, tablas y gráficos,
Dimensiones 27 x 21 cm.
650 #0 - ASIENTO SECUNDARIO DE MATERIA - TERMINO TEMATICO
9 (RLIN) 54777
Término temático o nombre geográfico como elemento de entrada Anuario
Subdivisión general Estadístico
650 #0 - ASIENTO SECUNDARIO DE MATERIA - TERMINO TEMATICO
9 (RLIN) 101893
Término temático o nombre geográfico como elemento de entrada convenios educativos
650 #0 - ASIENTO SECUNDARIO DE MATERIA - TERMINO TEMATICO
9 (RLIN) 3694
Término temático o nombre geográfico como elemento de entrada Financiación
650 #0 - ASIENTO SECUNDARIO DE MATERIA - TERMINO TEMATICO
9 (RLIN) 73420
Término temático o nombre geográfico como elemento de entrada Ciencias de la educación
942 ## - ELEMENTOS ADICIONALES (KOHA)
Sistema de clasificación Dewey Decimal Classification
Tipo de ítem Libro
Existencias
Withdrawn status Lost status Sistema de Clasificación Damaged status No para préstamo Colección Ubicación Permanente Ubicación actual Fecha de adquisición Total Checkouts Número topográfico Inventario / Código de Barras Date last seen Ejemplar Price effective from Forma de adquisición Tipo de material
    Dewey Decimal Classification     General Bogotá Bogotá 06/11/2019   LB-378.33 C68c 043677 06/11/2019 Ej.1 06/11/2019 Canje Libro
    Dewey Decimal Classification     General Bogotá Bogotá 06/11/2019   LB-378.33 C68c 043678 06/11/2019 Ej.2 06/11/2019 Canje Libro